000 00585nam a2200229Ia 4500
003 GCL
008 140319s9999 xx 000 0 ara d
040 _aGCL /
_cGCL
082 0 4 _a721
_bم ا
100 1 _aمحمد حماد
245 1 0 _aالانشاء والعمارة /
_cمحمد حماد
260 _a[S.N] :
_bالمؤلف ،
_c1964
300 _a215 ص
490 _a
650 0 4 _aمواد البناء
650 0 4 _aالعمارة
650 0 4 _aالاسمنت
650 0 4 _aالاحجار
650 0 4 _aالحوائط
650 0 4 _aالطوب
942 _2ddc
_cBK
999 _c28615
_d28615